[Event "European Individual Championship"]
[Site "Jerusalem ISR"]
[Date "2015.02.27"]
[Round "4.16"]
[White "Daniil Dubov"]
[Black "Jan-Krzysztof Duda"]
[Result "1/2-1/2"]
[EventDate "2015.02.24"]
[WhiteElo "2632"]
[BlackElo "2591"]
[PlyCount "67"]

1. d4 d5 2. Nf3 Nf6 3. c4 c6 4. Nc3 dxc4 5. a4 e6 6. e3 c5 7. Bxc4 Nc6 8. O-O cxd4 9. exd4 Be7 10. Re1 O-O 11. Bg5 Nd5 12. Bxd5 exd5 13. Bxe7 Nxe7 14. Qb3 b6 15. Ne5 Be6 16. Rad1 Nf5 17. Ne2 Qd6 18. Nf4 Rfe8 19. g4 Ne7 20. Qf3 Ng6 21. Nxe6 Qxe6 22. Re3 Nxe5 23. dxe5 Red8 24. Rd4 Rac8 25. b3 Rc5 26. Kg2 b5 27. axb5 Rxb5 28. h4 Rdb8 29. h5 Rb4 30. Qd1 g5 31. f3 Rxd4 32. Qxd4 Qb6 33. Qd2 h6 34. Rd3 1/2-1/2

[Event "European Championship"]
[Site "Jerusalem ISR"]
[Date "2015.02.26"]
[Round "3.33"]
[White "Vladislav Kovalev"]
[Black "Daniil Dubov"]
[Result "0-1"]
[EventDate "2015.02.24"]
[WhiteElo "2531"]
[BlackElo "2632"]
[PlyCount "214"]

1. e4 e6 2. d4 d5 3. Nd2 g6 4. Bd3 Bg7 5. c3 Ne7 6. h4 c5 7. e5 Nbc6 8. Ne2 h6 9. h5 g5 10. f4 Qb6 11. Nf3 cxd4 12. cxd4 gxf4 13. Rh4 Bd7 14. Rxf4 O-O-O 15. Rxf7 Rdg8 16. Rf4 Bf8 17. g4 Kb8 18. b3 Rg7 19. Bd2 Rhg8 20. Nh2 Be8 21. Qc1 Nb4 22. Bb1 Nc8 23. Rxf8 Rxf8 24. Qc5 Qxc5 25. dxc5 Rgf7 26. Bxb4 Rf2 27. c6 R8f7 28. cxb7 Rxh2 29. bxc8=Q+ Kxc8 30. Kd2 Bb5 31. Bd3 Bxd3 32. Kxd3 Rf3+ 33. Kd2 d4 34. Rc1+ Kb7 35. Re1 d3 36. Bc5 Rxe2+ 37. Rxe2 dxe2 38. Kxe2 Rg3 39. Be3 Rxg4 40. Bxh6 Rh4 41. Kd3 Rxh5 42. Bf4 Kc6 43. a4 Kd5 44. Be3 Rh3 45. b4 Kxe5 46. b5 Kd5 47. a5 e5 48. a6 e4+ 49. Ke2 Rh2+ 50. Bf2 Kc4 51. b6 e3 52. Kxe3 axb6 53. a7 Rh8 54. Kd2 Kb5 55. Bg3 Ka6 56. Bb8 Kb7 57. Kc3 Rh5 58. Kb4 Ra5 59. Kc4 Kc6 60. Kb4 Ra6 61. Kc4 Ra4+ 62. Kb3 Kb5 63. Kc3 Ra5 64. Kb3 Ra6 65. Kc3 Ka4 66. Bc7 Ka5 67. Bb8 Kb5 68. Kb3 Kc5 69. Kc3 b5 70. Bg3 b4+ 71. Kb3 Ra3+ 72. Kb2 Kc4 73. Bf2 Ra6 74. Bb6 Ra4 75. Bf2 b3 76. Kb1 Ra2 77. Bh4 Rxa7 78. Bf6 Rf7 79. Be5 Rf5 80. Bg7 Kb4 81. Bd4 Rf4 82. Be5 Re4 83. Bg7 Rf4 84. Be5 Rf5 85. Bd4 Ka3 86. Bb2+ Ka4 87. Bd4 Kb4 88. Kb2 Rf1 89. Bc3+ Kc4 90. Be5 Rf2+ 91. Kb1 Kb5 92. Bd4 Rg2 93. Bf6 Re2 94. Bg7 Kb4 95. Bf8+ Kc4 96. Bg7 b2 97. Ka2 Rg2 98. Bf6 Rh2 99. Be5 Rf2 100. Bg7 Kd3 101. Kb1 Rf7 102. Be5 Rb7 103. Bf6 Kc4 104. Bxb2 Kb3 105. Be5 Re7 106. Bg3 Re3 107. Bf2 Rf3 0-1

[Event "European Championship"]
[Site "Jerusalem ISR"]
[Date "2015.02.25"]
[Round "2.19"]
[White "Daniil Dubov"]
[Black "Avital Boruchovsky"]
[Result "1/2-1/2"]
[EventDate "2015.02.24"]
[WhiteElo "2632"]
[BlackElo "2536"]
[PlyCount "49"]

1. Nf3 Nf6 2. c4 c5 3. Nc3 d5 4. cxd5 Nxd5 5. g3 g6 6. Bg2 Bg7 7. O-O O-O 8. d4 Nxc3 9. bxc3 Nc6 10. d5 Na5 11. e4 e6 12. Bg5 Qd7 13. Rc1 b6 14. Bh3 h6 15. Bf4 Qd8 16. Bg2 Re8 17. c4 Ba6 18. Nd2 exd5 19. exd5 Qd7 20. Qc2 g5 21. Be3 Nb7 22. Qd3 Nd6 23. Ne4 Rxe4 24. Bxe4 Qa4 25. Qc2 1/2-1/2

[Event "European Championship"]
[Site "Jerusalem ISR"]
[Date "2015.02.24"]
[Round "1.37"]
[White "Arkady Shevelev"]
[Black "Daniil Dubov"]
[Result "0-1"]
[EventDate "2015.02.24"]
[WhiteElo "2285"]
[BlackElo "2632"]
[PlyCount "106"]

1. e4 d6 2. d4 g6 3. Nc3 Bg7 4. h3 a6 5. a4 b6 6. g4 Bb7 7. Bg2 Nd7 8. Nge2 e5 9. Be3 Ne7 10. Ng3 exd4 11. Bxd4 Ne5 12. O-O O-O 13. f4 c5 14. Bxe5 dxe5 15. f5 Bh6 16. Nd5 Nxd5 17. exd5 Bf4 18. Ne4 Kh8 19. c4 gxf5 20. gxf5 Qh4 21. Qe1 Qh6 22. Qc3 Rg8 23. Kh1 f6 24. Rf3 Rg7 25. Raf1 Rf8 26. Nd6 Rfg8 27. R1f2 Qh4 28. Ne4 Bh6 29. Qd3 Bc8 30. Nd6 Bd7 31. Qe4 Bf4 32. Re2 Bxa4 33. b3 Bd7 34. Qb1 Rg3 35. Qf1 Rxf3 36. Qxf3 Rg7 37. Bf1 Rg3 38. Qf2 Be3 39. Qh2 Qf4 40. Bg2 Bf2 41. Rxf2 Qxf2 42. Ne4 Qe1+ 43. Qg1 Qxg1+ 44. Kxg1 Rxb3 45. Nxf6 Bxf5 46. d6 a5 47. Bc6 Rb4 48. d7 Bxd7 49. Nxd7 a4 50. Bxa4 Rxa4 51. Nxb6 Rb4 52. Nd7 Rxc4 53. Kf2 Rc3 0-1

[Event "Moscow Open Students 2015"]
[Site "Moscow RUS"]
[Date "2015.02.08"]
[Round "9.4"]
[White "Daniil Dubov"]
[Black "Ter Sahakyan, Samvel"]
[Result "1/2-1/2"]
[EventDate "2015.01.31"]
[WhiteElo "2632"]
[BlackElo "2580"]
[PlyCount "54"]

1. d4 d5 2. c4 c6 3. Nf3 Nf6 4. Nc3 e6 5. g3 dxc4 6. Bg2 b5 7. O-O Nbd7 8. Ng5 Qb6 9. e4 h6 10. Nxe6 fxe6 11. e5 Nd5 12. Qg4 Kf7 13. a4 b4 14. Ne2 Be7 15. Nf4 Nf8 16. Be3 Bd7 17. Rfc1 c3 18. bxc3 bxc3 19. Be4 Bg5 20. Rab1 Qc7 21. Nxd5 cxd5 22. Qf3+ Kg8 23. Bxd5 Rb8 24. Rxb8 Qxb8 25. Be4 Qb2 26. Rb1 Bc6 27. Rxb2 1/2-1/2

[Event "Moscow Open Students 2015"]
[Site "Moscow RUS"]
[Date "2015.02.07"]
[Round "8.2"]
[White "David Paravyan"]
[Black "Daniil Dubov"]
[Result "1/2-1/2"]
[EventDate "2015.01.31"]
[WhiteElo "2435"]
[BlackElo "2632"]
[PlyCount "102"]

1. e4 e6 2. d4 d5 3. Nc3 Bb4 4. exd5 exd5 5. Bd3 c6 6. Ne2 Bg4 7. O-O Ne7 8. Bf4 O-O 9. a3 Ba5 10. b4 Bb6 11. Qd2 Nd7 12. Na4 Ng6 13. Nxb6 Nxb6 14. f3 Be6 15. h4 h6 16. h5 Nxf4 17. Qxf4 a5 18. Rfb1 Re8 19. b5 Nc8 20. bxc6 bxc6 21. Nc3 Nb6 22. Re1 Rb8 23. Rab1 Nd7 24. Rxb8 Qxb8 25. Qxb8 Rxb8 26. Na4 Kf8 27. g4 c5 28. dxc5 Rc8 29. Rb1 Ne5 30. Kf2 Ke7 31. Rb7+ Kf6 32. Bb5 d4 33. Rb6 Ke7 34. Rb7+ Kf6 35. Rb6 Ke7 36. Ra6 Bd5 37. Be2 f5 38. Rxa5 Rf8 39. Ra7+ Ke6 40. gxf5+ Rxf5 41. Rxg7 Bxf3 42. Bxf3 Rxf3+ 43. Ke2 Rxa3 44. Nb2 Re3+ 45. Kd1 Rh3 46. c6 Rh1+ 47. Kd2 Rh2+ 48. Kc1 Rh1+ 49. Kd2 Nxc6 50. Rg6+ Kd5 51. Nd3 Rh2+ 1/2-1/2

[Event "Moscow Open Students 2015"]
[Site "Moscow RUS"]
[Date "2015.02.06"]
[Round "7.5"]
[White "Daniil Dubov"]
[Black "Daniil Yuffa"]
[Result "1/2-1/2"]
[EventDate "2015.01.31"]
[WhiteElo "2632"]
[BlackElo "2469"]
[PlyCount "68"]

1. d4 Nf6 2. c4 e6 3. Nf3 Bb4+ 4. Nbd2 O-O 5. a3 Be7 6. g3 b6 7. e4 Bb7 8. Bd3 d6 9. O-O e5 10. Re1 exd4 11. Nxd4 Nfd7 12. Rb1 Bf6 13. Nf5 Nc5 14. Bc2 Nbd7 15. b4 Ne6 16. Bd3 a5 17. Ne3 axb4 18. axb4 c5 19. Nd5 Bxd5 20. cxd5 Nd4 21. b5 Ne5 22. Bf1 Ra2 23. Re3 Qc7 24. f4 Nd7 25. Bc4 Ra5 26. Bb2 Re8 27. Re1 g6 28. Kh1 Bg7 29. Bd3 Rea8 30. Qc1 Ra4 31. Bc4 Rb4 32. Bf1 Ra2 33. Nc4 Nb3 34. Qe3 1/2-1/2

[Event "Moscow Open Students 2015"]
[Site "Moscow RUS"]
[Date "2015.02.05"]
[Round "6.1"]
[White "Alexandr Predke"]
[Black "Daniil Dubov"]
[Result "1/2-1/2"]
[EventDate "2015.01.31"]
[WhiteElo "2537"]
[BlackElo "2632"]
[PlyCount "118"]

1. e4 e5 2. Nf3 Nc6 3. Bb5 a6 4. Ba4 Nf6 5. O-O Be7 6. d3 b5 7. Bb3 d6 8. a3 O-O 9. Nc3 Bg4 10. Be3 Nd4 11. Bxd4 exd4 12. Nd5 Nd7 13. h3 Bxf3 14. Qxf3 c6 15. Nf4 Rb8 16. g4 Nc5 17. Ne2 Bf6 18. Qg2 g6 19. f4 Bg7 20. g5 a5 21. h4 Nxb3 22. cxb3 f6 23. Qg4 Rb7 24. Rf2 Qe8 25. b4 axb4 26. axb4 f5 27. exf5 gxf5 28. Qg2 Re7 29. Ng3 Re3 30. Ra3 d5 31. h5 Rf7 32. h6 Bf8 33. Nh5 Re1+ 34. Kh2 Kh8 35. Ra6 Bd6 36. Ng7 Qc8 37. g6 Rf6 38. Qg5 Rxg6 39. Rxc6 Qa8 40. Rfc2 Rxg5 41. Rc8+ Re8 42. Rxe8+ Qxe8 43. Nxe8 Bxf4+ 44. Kh1 Rh5+ 45. Kg1 Rxh6 46. Nc7 Rg6+ 47. Kf2 h5 48. Nxb5 h4 49. Kf3 Be5 50. Rg2 Rh6 51. Re2 h3 52. Rxe5 h2 53. Re1 h1=Q+ 54. Rxh1 Rxh1 55. Kf4 Rf1+ 56. Ke5 f4 57. Nxd4 f3 58. Nxf3 Rxf3 59. Kxd5 1/2-1/2

[Event "Moscow Open Students 2015"]
[Site "Moscow RUS"]
[Date "2015.02.04"]
[Round "5.5"]
[White "Olexandr Bortnyk"]
[Black "Daniil Dubov"]
[Result "1/2-1/2"]
[EventDate "2015.01.31"]
[WhiteElo "2533"]
[BlackElo "2632"]
[PlyCount "30"]

1. e4 c5 2. Nf3 d6 3. Bb5+ Bd7 4. Bxd7+ Qxd7 5. c4 Nc6 6. Nc3 Ne5 7. Nxe5 dxe5 8. d3 e6 9. O-O Ne7 10. f4 exf4 11. Bxf4 Ng6 12. Bg3 Bd6 13. Bxd6 Qxd6 14. Qa4+ Ke7 15. Nb5 Qb6 1/2-1/2

[Event "Moscow Open Students 2015"]
[Site "Moscow RUS"]
[Date "2015.02.03"]
[Round "4.2"]
[White "Daniil Dubov"]
[Black "Vladimir Belous"]
[Result "1-0"]
[EventDate "2015.01.31"]
[WhiteElo "2632"]
[BlackElo "2577"]
[PlyCount "54"]

1. Nf3 d5 2. d4 Nf6 3. c4 e6 4. Nc3 Nbd7 5. cxd5 exd5 6. Bg5 c6 7. e3 Bd6 8. Bd3 Nf8 9. O-O Ng6 10. e4 dxe4 11. Bxf6 Qxf6 12. Nxe4 Qd8 13. d5 Bf4 14. dxc6 bxc6 15. Bc4 Bg4 16. Bxf7+ Kxf7 17. Nfg5+ Bxg5 18. Qxg4 Be7 19. Rad1 Qa5 20. Rd7 Rhf8 21. h4 Qe5 22. h5 Nf4 23. Re1 Kg8 24. Nf6+ Qxf6 25. Rexe7 g5 26. hxg6 Nd5 27. Rg7+ 1-0

[Event "Moscow Open Students 2015"]
[Site "Moscow RUS"]
[Date "2015.02.02"]
[Round "3.4"]
[White "Ulvi Bajarani"]
[Black "Daniil Dubov"]
[Result "1/2-1/2"]
[EventDate "2015.01.31"]
[WhiteElo "2494"]
[BlackElo "2632"]
[PlyCount "76"]

1. d4 Nf6 2. Bg5 d5 3. Nd2 Bf5 4. e3 e6 5. Ngf3 Nbd7 6. c4 c6 7. Qb3 Qb6 8. c5 Qc7 9. Bf4 Qc8 10. Rc1 Be7 11. Nh4 Be4 12. Nhf3 Bg6 13. Ne5 Nxe5 14. Bxe5 O-O 15. Bd3 Nd7 16. Bg3 b6 17. cxb6 axb6 18. Bb5 c5 19. a4 Nb8 20. Bxb8 Qxb8 21. Nf3 Bd6 22. Qd1 c4 23. Kf1 Be4 24. Kg1 Qd8 25. Nd2 f5 26. h4 Qf6 27. Rh3 Qg6 28. f3 Bd3 29. f4 Rfc8 30. h5 Qf6 31. Nf3 Rc7 32. Kf2 Rac8 33. Ba6 Ra8 34. Bb5 Be4 35. Ng5 Bd3 36. Nf3 Be4 37. Ng5 Bd3 38. Nf3 1/2-1/2

[Event "Moscow Open Students 2015"]
[Site "Moscow RUS"]
[Date "2015.02.01"]
[Round "2.3"]
[White "Daniil Dubov"]
[Black "Maksim Vavulin"]
[Result "1-0"]
[EventDate "2015.01.31"]
[WhiteElo "2632"]
[BlackElo "2453"]
[PlyCount "48"]

1. d4 Nf6 2. c4 c5 3. d5 e6 4. Nc3 exd5 5. cxd5 g6 6. e4 d6 7. f4 Bg7 8. Bb5+ Nfd7 9. Nf3 a6 10. Bd3 b5 11. O-O O-O 12. Qe1 Re8 13. Qg3 c4 14. Bc2 Nc5 15. f5 b4 16. fxg6 fxg6 17. Na4 Nxe4 18. Bxe4 Rxe4 19. Ng5 Re8 20. Nf7 Qa5 21. Bh6 Qxa4 22. Bxg7 Kxg7 23. Nxd6 Qd7 24. Nxe8+ Qxe8 1-0

[Event "Moscow Open Students 2015"]
[Site "Moscow RUS"]
[Date "2015.01.31"]
[Round "1.3"]
[White "Daniel Sadzikowski"]
[Black "Daniil Dubov"]
[Result "1/2-1/2"]
[EventDate "2015.01.31"]
[WhiteElo "2496"]
[BlackElo "2632"]
[PlyCount "82"]

1. Nf3 Nf6 2. c4 b6 3. g3 Bb7 4. Bg2 g6 5. d4 Bg7 6. d5 O-O 7. Nc3 Na6 8. O-O Nc5 9. Nd4 e5 10. Nc2 a5 11. e4 d6 12. Rb1 Bc8 13. b3 Bd7 14. Ne1 Ne8 15. Nd3 f5 16. Nxc5 bxc5 17. exf5 gxf5 18. Bd2 Nf6 19. f4 exf4 20. Bxf4 Ng4 21. Qd2 Qe8 22. h3 Ne5 23. a4 Qg6 24. Rbe1 Kh8 25. Nb5 Bxb5 26. cxb5 Bf6 27. Bf3 Nxf3+ 28. Rxf3 Bg7 29. Rff1 Bf6 30. Rf3 Rfe8 31. Rxe8+ Rxe8 32. Kg2 Qf7 33. Re3 Bd4 34. Rxe8+ Qxe8 35. Qc2 Qe1 36. g4 Qg1+ 37. Kf3 Qh1+ 38. Kg3 fxg4 39. hxg4 Qxd5 40. Qc4 Qxc4 41. bxc4 Be5 1/2-1/2

[Event "Nutcracker Match of the Generations"]
[Site "Moscow RUS"]
[Date "2014.12.23"]
[Round "4.2"]
[White "Daniil Dubov"]
[Black "Alexey Dreev"]
[Result "1-0"]
[EventDate "2014.12.20"]
[WhiteElo "2629"]
[BlackElo "2649"]
[PlyCount "81"]

1. d4 d5 2. c4 c6 3. Nf3 Nf6 4. Nc3 e6 5. g3 Nbd7 6. Bg2 dxc4 7. O-O Be7 8. e4 O-O 9. Bf4 Re8 10. a4 Nf8 11. Bg5 h6 12. Bxf6 Bxf6 13. e5 Be7 14. Qe2 a5 15. Rfd1 Nd7 16. Nd2 Nb6 17. Nce4 Bb4 18. Qg4 Be7 19. h4 Bd7 20. Bf1 Rb8 21. Nxc4 Nxc4 22. Bxc4 b5 23. Bd3 bxa4 24. Nc3 Rb4 25. Qe4 g6 26. h5 c5 27. hxg6 f5 28. exf6 Bxf6 29. g7 Bxg7 30. Qh7+ Kf8 31. Bg6 Rxd4 32. Ne2 e5 33. Nxd4 exd4 34. Bxe8 Qxe8 35. Re1 Qf7 36. Qe4 Kg8 37. Ra3 Bf5 38. Qc6 Bc2 39. Rf3 Qg6 40. Re6 Qg5 41. Rf7 1-0

[Event "Nutcracker Match of the Generations"]
[Site "Moscow RUS"]
[Date "2014.12.22"]
[Round "3.3"]
[White "Daniil Dubov"]
[Black "Alexander Morozevich"]
[Result "1/2-1/2"]
[EventDate "2014.12.20"]
[WhiteElo "2629"]
[BlackElo "2712"]
[PlyCount "43"]

1. e4 e6 2. d4 d5 3. Nd2 c5 4. exd5 Qxd5 5. Ngf3 cxd4 6. Bc4 Qd6 7. O-O Nc6 8. Nb3 a6 9. Nbxd4 Nxd4 10. Nxd4 Be7 11. Re1 Bf6 12. Nxe6 Qxd1 13. Nc7+ Kd7 14. Rxd1+ Kxc7 15. Bf4+ Kb6 16. Be3+ Kc7 17. Bf4+ Kb6 18. Rd6+ Ka7 19. Be3+ Kb8 20. Bf4 Ka7 21. Be3+ Kb8 22. Bf4 1/2-1/2

[Event "Nutcracker Match of the Generations"]
[Site "Moscow RUS"]
[Date "2014.12.21"]
[Round "2.4"]
[White "Peter Leko"]
[Black "Daniil Dubov"]
[Result "1/2-1/2"]
[EventDate "2014.12.20"]
[WhiteElo "2723"]
[BlackElo "2629"]
[PlyCount "96"]

1. e4 e6 2. d4 d5 3. Nc3 Bb4 4. e5 c5 5. a3 Ba5 6. b4 cxd4 7. Qg4 Kf8 8. Nb5 Bb6 9. Nf3 Nc6 10. Bb2 Nge7 11. Nbxd4 h5 12. Qg3 Nxd4 13. Nxd4 Bxd4 14. Bxd4 Nf5 15. Qf4 Nxd4 16. Qxd4 Qb6 17. c3 Qxd4 18. cxd4 Bd7 19. Kd2 Ke7 20. Bd3 Rhc8 21. Rhc1 a5 22. Rxc8 Bxc8 23. b5 Bd7 24. Rc1 Kd8 25. a4 Be8 26. Ke3 b6 27. Kf4 f6 28. h4 Ra7 29. f3 Rc7 30. Rxc7 Kxc7 31. g4 Kd7 32. Kg3 Ke7 33. f4 hxg4 34. Kxg4 g6 35. Bc2 Bf7 36. Bd3 Be8 37. Bb1 Bf7 38. Bc2 Be8 39. Bd1 Bf7 40. Be2 Be8 41. Bf3 Bf7 42. Kg3 f5 43. h5 gxh5 44. Kh4 Be8 45. Bxh5 Bd7 46. Kg5 Bc8 47. Kh6 Bd7 48. Kg7 Bc8 1/2-1/2

[Event "Nutcracker Match of the Generations"]
[Site "Moscow RUS"]
[Date "2014.12.20"]
[Round "1.1"]
[White "Alexey Shirov"]
[Black "Daniil Dubov"]
[Result "1-0"]
[EventDate "2014.12.20"]
[WhiteElo "2675"]
[BlackElo "2629"]
[PlyCount "87"]

1. d4 Nf6 2. c4 c5 3. d5 g6 4. Nc3 Bg7 5. e4 O-O 6. Bd3 d6 7. h3 a6 8. a4 e6 9. Nf3 exd5 10. cxd5 Nbd7 11. O-O Qe7 12. Bf4 Nh5 13. Bh2 Bh6 14. Re1 Bf4 15. g3 Bh6 16. Bf1 Ne5 17. Nxe5 Qxe5 18. f4 Qd4+ 19. Kg2 Qb4 20. Qd2 f5 21. e5 dxe5 22. Rxe5 Bg7 23. Re7 Nf6 24. Bg1 Bd7 25. Kh2 Rad8 26. Bg2 h5 27. d6 Bc6 28. Bxc6 bxc6 29. Rd1 Rf7 30. Qe2 Bf8 31. Re5 h4 32. Bxc5 hxg3+ 33. Kxg3 Qb3 34. Rd3 Qb7 35. b4 Rh7 36. Kg2 Rh4 37. Rg3 Nh5 38. Rxg6+ Kh7 39. Rxf5 Kxg6 40. Qe6+ Kh7 41. Rf7+ Kh8 42. Bd4+ Bg7 43. Bxg7+ Nxg7 44. Qf6 1-0

[Event "Bundesliga 2014/15"]
[Site "Hockenheim GER"]
[Date "2014.12.07"]
[Round "6.3"]
[White "Ivan Saric"]
[Black "Daniil Dubov"]
[Result "1/2-1/2"]
[EventDate "2014.10.18"]
[WhiteElo "2678"]
[BlackElo "2627"]
[PlyCount "107"]

1. e4 e5 2. Nf3 Nc6 3. Bb5 a6 4. Ba4 Nf6 5. O-O Be7 6. Re1 b5 7. Bb3 d6 8. c3 O-O 9. h3 Re8 10. d4 Bb7 11. Nbd2 Bf8 12. d5 Nb8 13. Nf1 Nbd7 14. N3h2 Nc5 15. Bc2 c6 16. b4 Ncd7 17. dxc6 Bxc6 18. Bg5 Qc7 19. Ng4 Nxg4 20. Qxg4 Kh8 21. Ne3 Nb6 22. Qh5 Qb7 23. Nf5 f6 24. Bh4 Red8 25. Qe2 Rac8 26. Rad1 Be8 27. Rd3 Bf7 28. Bb3 Bc4 29. Bxc4 bxc4 30. Rd2 d5 31. exd5 Rxd5 32. Red1 Rxd2 33. Qxd2 Qc6 34. f3 Na4 35. Be1 a5 36. a3 axb4 37. axb4 g6 38. Nd6 Nxc3 39. Nf7+ Kg8 40. Nxe5 fxe5 41. Qxc3 e4 42. fxe4 Qxe4 43. Rc1 Bxb4 44. Qg3 c3 45. Kh1 Qc4 46. Qe5 h5 47. Bf2 Rd8 48. Bb6 Rd2 49. Qe8+ Kh7 50. Ra1 Ra2 51. Qd7+ Kg8 52. Qe8+ Kh7 53. Qd7+ Kg8 54. Qe8+ 1/2-1/2

[Event "Bundesliga 2014/15"]
[Site "Hockenheim GER"]
[Date "2014.12.06"]
[Round "5.11"]
[White "Daniil Dubov"]
[Black "Felix Graf"]
[Result "1-0"]
[EventDate "2014.10.18"]
[WhiteElo "2627"]
[BlackElo "2488"]
[PlyCount "115"]

1. d4 e6 2. Nf3 Nf6 3. c4 b6 4. Bf4 Bb7 5. e3 Be7 6. Bd3 Nh5 7. O-O d6 8. Nc3 Nd7 9. h3 Nxf4 10. exf4 O-O 11. Re1 Bf6 12. Be4 Bxe4 13. Nxe4 a6 14. Qc2 Re8 15. Rac1 g6 16. g3 Bg7 17. h4 Nf6 18. Kg2 Nxe4 19. Qxe4 Qd7 20. h5 Rac8 21. Qd3 c5 22. d5 b5 23. dxe6 Rxe6 24. Rxe6 Qxe6 25. b3 bxc4 26. bxc4 Rb8 27. Re1 Qd7 28. Qd5 Bf8 29. Ng5 Qb7 30. Qxb7 Rxb7 31. Re8 Re7 32. Ra8 f6 33. Nf3 Re4 34. hxg6 hxg6 35. Nh4 Kf7 36. Ra7+ Re7 37. Rxa6 Rd7 38. a4 Be7 39. a5 d5 40. cxd5 Rxd5 41. Ra7 c4 42. Nxg6 Kxg6 43. Rxe7 Rxa5 44. Rc7 f5 45. Rxc4 Ra2 46. Rc6+ Kg7 47. Re6 Rb2 48. Kf3 Rb1 49. Re2 Rg1 50. Rd2 Kf6 51. Ke2 Rh1 52. Rd6+ Kg7 53. Rd2 Kf6 54. f3 Rh3 55. g4 Rh4 56. g5+ Ke6 57. Ke3 Rh8 58. Ra2 1-0

[Event "Qatar Masters"]
[Site "Doha QAT"]
[Date "2014.12.04"]
[Round "9.29"]
[White "Kidambi Sundararajan"]
[Black "Daniil Dubov"]
[Result "1-0"]
[EventDate "2014.11.26"]
[WhiteElo "2415"]
[BlackElo "2629"]
[PlyCount "89"]

1. Nf3 e6 2. g3 b6 3. Bg2 Bb7 4. O-O g6 5. d3 Bg7 6. e4 Ne7 7. Re1 c5 8. c3 O-O 9. d4 d6 10. Nbd2 cxd4 11. cxd4 Nbc6 12. Nf1 Rc8 13. Ne3 b5 14. d5 exd5 15. exd5 Nb4 16. Qb3 Nexd5 17. Nxd5 Nxd5 18. Ng5 Rc4 19. Qxb5 Rb4 20. Qd3 Qa8 21. Rd1 Re8 22. Bxd5 Rd4 23. Bxf7+ Kh8 24. Qb3 Bh1 25. f3 Rb8 26. Rxd4 Rxb3 27. Rh4 h5 28. axb3 Bxf3 29. Bxg6 Bg4 30. Be3 Qd5 31. Bxh5 Bxh5 32. Rxh5+ Kg8 33. Rh4 Qxb3 34. Re4 Be5 35. Re1 a5 36. Nf3 Bxb2 37. Bd4 Bxd4+ 38. Nxd4 Qd5 39. Re8+ Kf7 40. R8e7+ Kg8 41. Ne6 Qb3 42. Rf1 Qe3+ 43. Kg2 Qd2+ 44. Rf2 Qd5+ 45. Kg1 1-0

[Event "Qatar Masters"]
[Site "Doha QAT"]
[Date "2014.12.02"]
[Round "7.10"]
[White "Daniil Dubov"]
[Black "Pentala Harikrishna"]
[Result "1/2-1/2"]
[EventDate "2014.11.26"]
[WhiteElo "2629"]
[BlackElo "2725"]
[PlyCount "74"]

1. d4 Nf6 2. c4 e6 3. Nf3 b6 4. a3 Ba6 5. Qc2 c5 6. d5 exd5 7. cxd5 g6 8. Nc3 Bg7 9. h4 d6 10. Bg5 h6 11. Bf4 Qe7 12. e3 Bxf1 13. Kxf1 a6 14. Nd2 b5 15. Nde4 Nxe4 16. Nxe4 Be5 17. Bxe5 Qxe5 18. f4 Qe7 19. h5 Nd7 20. hxg6 fxg6 21. Ng5 Qf6 22. Ne6 Rc8 23. g4 Nf8 24. Nd4 Kd7 25. Nc6 Ne6 26. Kg2 Nc7 27. Rad1 Nxd5 28. Rxd5 Kxc6 29. Rhd1 Rcd8 30. b4 c4 31. a4 Qe6 32. axb5+ axb5 33. Qa2 Qxg4+ 34. Kf2 Qh4+ 35. Kg2 Qg4+ 36. Kf2 Qh4+ 37. Kg2 Qg4+ 1/2-1/2

[Event "Qatar Masters"]
[Site "Doha QAT"]
[Date "2014.12.01"]
[Round "6.26"]
[White "Bela Khotenashvili"]
[Black "Daniil Dubov"]
[Result "0-1"]
[EventDate "2014.11.26"]
[WhiteElo "2504"]
[BlackElo "2629"]
[PlyCount "132"]

1. d4 Nf6 2. c4 g6 3. Nc3 Bg7 4. e4 O-O 5. Nf3 d6 6. h3 Nc6 7. d5 Nb4 8. Be2 e6 9. Bg5 h6 10. Be3 Re8 11. Qd2 exd5 12. exd5 Rxe3 13. fxe3 Qe7 14. O-O Na6 15. e4 Nc5 16. Rae1 a5 17. Bd1 Nh7 18. Nb5 Ng5 19. b3 Qd8 20. e5 Nge4 21. Qf4 g5 22. Qh2 dxe5 23. Nxe5 f5 24. Bc2 Ra6 25. Bxe4 Nxe4 26. Nd3 c6 27. Qc7 Bd4+ 28. Kh2 Bb6 29. Qxd8+ Bxd8 30. g4 cxb5 31. gxf5 Nf6 32. Nc5 Rd6 33. a4 bxc4 34. bxc4 Kf7 35. Ne6 Be7 36. Rb1 b6 37. Nc7 Ne4 38. Rb2 Nc5 39. Rd2 Nxa4 40. Nb5 Rd7 41. f6 Bf8 42. Nd4 Ba6 43. Rc2 Nc5 44. Rb1 Rd6 45. Nc6 Nd7 46. Nd8+ Kxf6 47. Ne6 Kg6 48. Nc7 Bc8 49. Ne8 Kf7 50. Nxd6+ Bxd6+ 51. Kg2 Ba6 52. Rf1+ Ke7 53. h4 gxh4 54. Kh3 Ne5 55. Rg2 Kd8 56. Rg8+ Kc7 57. Rg7+ Nd7 58. Rff7 Bc8 59. Kxh4 a4 60. Kh5 a3 61. Rg2 Be5 62. Ra2 Bb2 63. Re7 Ba6 64. Re6 Ne5 65. c5 Be2+ 66. Kxh6 bxc5 0-1

[Event "Qatar Masters"]
[Site "Doha QAT"]
[Date "2014.11.30"]
[Round "5.24"]
[White "Mikhail Antipov"]
[Black "Daniil Dubov"]
[Result "1/2-1/2"]
[EventDate "2014.11.26"]
[WhiteElo "2520"]
[BlackElo "2629"]
[PlyCount "157"]

1. e4 e5 2. Nf3 Nc6 3. Bb5 a6 4. Ba4 Nf6 5. O-O Be7 6. d3 d6 7. c3 O-O 8. Re1 Bg4 9. h3 Bh5 10. Nbd2 Nd7 11. Nf1 Nc5 12. Bc2 Ne6 13. Ng3 Bxf3 14. Qxf3 Bg5 15. Nf1 g6 16. Ne3 Kh8 17. g3 f5 18. exf5 gxf5 19. d4 e4 20. Qh5 Ng7 21. Qe2 d5 22. f4 Bf6 23. Bb3 Ne7 24. g4 Ne6 25. Rf1 Rg8 26. Kh1 Qd6 27. g5 Bg7 28. Ng2 b6 29. Be3 c5 30. dxc5 bxc5 31. Rad1 a5 32. Nh4 Rgf8 33. Qh5 Kg8 34. g6 h6 35. Bxd5 Nxd5 36. Nxf5 Qa6 37. Nxg7 Nf6 38. Qxh6 Nxg7 39. f5 Qe2 40. Rde1 Qh5 41. Kg1 c4 42. Qxh5 Ngxh5 43. Bd4 a4 44. Rf2 Ra5 45. Kg2 Rb5 46. Ree2 Rfb8 47. h4 Ra8 48. Rf1 Raa5 49. Ref2 Rd5 50. a3 Rab5 51. Kg1 Rb3 52. Re1 Rb7 53. Kg2 Rbb5 54. Ref1 Rb3 55. Re1 Rxd4 56. cxd4 Rg3+ 57. Kf1 e3 58. Rc2 Ne4 59. Rce2 Nd2+ 60. Rxd2 exd2 61. Re8+ Kg7 62. Ke2 Rd3 63. Kd1 Kf6 64. Rf8+ Ke7 65. Rf7+ Kd6 66. g7 Rg3 67. f6 Ke6 68. Re7+ Kxf6 69. Rc7 Nxg7 70. Kxd2 Rd3+ 71. Kc2 Rxd4 72. Kc3 Rxh4 73. Rxc4 Rh3+ 74. Kc2 Ne6 75. Rxa4 Ke5 76. Rc4 Nd4+ 77. Kb1 Kd5 78. Rc8 Rh2 79. Ka2 1/2-1/2

[Event "Qatar Masters"]
[Site "Doha QAT"]
[Date "2014.11.27"]
[Round "2.23"]
[White "Alexander Donchenko"]
[Black "Daniil Dubov"]
[Result "0-1"]
[EventDate "2014.11.26"]
[WhiteElo "2523"]
[BlackElo "2629"]
[PlyCount "102"]

1. d4 e6 2. c4 c5 3. d5 exd5 4. cxd5 g6 5. e4 Bg7 6. Nc3 d6 7. Nge2 Nd7 8. Ng3 a6 9. a4 h5 10. Be2 Qe7 11. f3 Bd4 12. Nf1 Qh4+ 13. g3 Qf6 14. Be3 Ne5 15. h4 Ne7 16. Bg5 Qg7 17. Qd2 Bd7 18. a5 Nc8 19. Be3 b5 20. f4 Ng4 21. Bxd4 cxd4 22. Na2 O-O 23. Rd1 d3 24. Bxd3 Re8 25. Qc3 Qxc3+ 26. Nxc3 b4 27. Na2 Bb5 28. Bxb5 axb5 29. Nd2 Rxa5 30. Nxb4 f5 31. Ke2 Ra4 32. Nc6 Ra2 33. Rb1 fxe4 34. Nd4 Ne7 35. Nxe4 Nxd5 36. Kf3 Ra4 37. Rbd1 Nde3 38. Rd3 Rxe4 39. Kxe4 Nf5 40. Rhd1 Nf2+ 41. Kd5 Rxd4+ 42. Rxd4 Nxd1 43. Rb4 Nde3+ 44. Ke4 Kf7 45. Rxb5 Ke6 46. b4 Ng4 47. Rb7 d5+ 48. Kf3 d4 49. Rb6+ Kd5 50. Rxg6 d3 51. Rg5 Ne3 0-1

[Event "Qatar Masters"]
[Site "Doha QAT"]
[Date "2014.11.26"]
[Round "1.37"]
[White "Daniil Dubov"]
[Black "Husein Aziz Nezad"]
[Result "1-0"]
[EventDate "2014.11.26"]
[WhiteElo "2629"]
[BlackElo "2396"]
[PlyCount "69"]

1. d4 d5 2. c4 c6 3. Nf3 Nf6 4. Nc3 e6 5. Bg5 h6 6. Bxf6 Qxf6 7. e3 g6 8. Be2 Bg7 9. e4 O-O 10. O-O Nd7 11. e5 Qe7 12. Re1 Rd8 13. c5 f6 14. exf6 Bxf6 15. Bd3 Qg7 16. Qe2 Re8 17. Ne5 Nxe5 18. dxe5 Be7 19. Qe3 Rf8 20. Ne2 Bd7 21. Rac1 b6 22. b4 a5 23. cxb6 axb4 24. b7 Rab8 25. Qb6 Qxe5 26. Nd4 Qf4 27. Nxc6 Bxc6 28. Qxc6 Bd6 29. Rxe6 Qxh2+ 30. Kf1 Rxf2+ 31. Kxf2 Rf8+ 32. Ke2 Qxg2+ 33. Kd1 Qg4+ 34. Re2 Qd4 35. Kc2 1-0